000 00377cam a22001217a 4500
008 180718b1953 xxu||||| |||| 00| 0 eng d
082 _aT2x4 P437
100 _aPeselj, Branko M.
245 _aThe industrialization iof peasant Europe
_cby Branko M.Peselj
260 _aNew York
_bMid- European Studies Centre
_c1953
300 _avii,88p.
650 _aIndustries --Europe, Eastern
999 _c437475
_d437475